An essay on man : (Record no. 21102)
[ view plain ]
| 000 -LEADER | |
|---|---|
| fixed length control field | 00922cam a22003011 4500 |
| 001 - CONTROL NUMBER | |
| control field | 21102 |
| 003 - CONTROL NUMBER IDENTIFIER | |
| rucl marc code | BD-RjUL |
| 005 - DATE AND TIME OF LATEST TRANSACTION | |
| control field | 20211209000640.0 |
| 008 - FIXED-LENGTH DATA ELEMENTS--GENERAL INFORMATION | |
| fixed length control field | 140303t19511944nyu 001 0 eng d |
| 035 ## - SYSTEM CONTROL NUMBER | |
| System control number | (BD-RjUL) 21166 |
| System control number | (OCoLC)10699589 |
| 040 ## - CATALOGING SOURCE | |
| Original cataloging agency | DLC |
| Transcribing agency | NGvP |
| Modifying agency | DLC |
| -- | BD-RjUL |
| Language of cataloging | eng |
| 041 ## - LANGUAGE CODE | |
| Language code of text/sound track or separate title | eng |
| 082 00 - DEWEY DECIMAL CLASSIFICATION NUMBER | |
| Classification number | 901.9 |
| Author mark and year | CAE 1951 |
| 100 1# - MAIN ENTRY--PERSONAL NAME | |
| Personal name | Cassirer, Ernst, |
| Dates associated with a name | 1874-1945. |
| 9 (RLIN) | 3133 |
| 245 13 - TITLE STATEMENT | |
| Title | An essay on man : |
| Remainder of title | an introduction to a philosophy of human culture / |
| Statement of responsibility, etc. | Ernst, Cassirer |
| 260 ## - PUBLICATION, DISTRIBUTION, ETC. (IMPRINT) | |
| Place of publication, distribution, etc. | Garden City, N.Y. : |
| Name of publisher, distributor, etc. | Doubleday, |
| Date of publication, distribution, etc. | 1944 [Reprinted 1951] |
| 300 ## - PHYSICAL DESCRIPTION | |
| Pagination | 294 p. ; |
| Size | 18 cm. |
| 490 0# - SERIES STATEMENT | |
| Series statement | Doubleday anchor books, A 3 |
| 504 ## - BIBLIOGRAPHY, ETC. NOTE | |
| Bibliography, etc | Includes Indes |
| 650 #0 - SUBJECT ADDED ENTRY--TOPICAL TERM | |
| Topical term or geographic name as entry element | Human beings. |
| 9 (RLIN) | 65217 |
| Topical term or geographic name as entry element | Knowledge, Theory of. |
| 9 (RLIN) | 65218 |
| Topical term or geographic name as entry element | Civilization |
| General subdivision | Philosophy. |
| 9 (RLIN) | 3440 |
| Topical term or geographic name as entry element | Symbolism. |
| 9 (RLIN) | 65219 |
| 942 ## - ADDED ENTRY ELEMENTS (KOHA) | |
| Source of classification or shelving scheme | Dewey Decimal Classification |
| Koha item type | Books |
| Lost status | Source of classification or shelving scheme | Damaged status | Not for loan | Collection code | Permanent Location | Current Location | Shelving location | Date acquired | Source of acquisition | Cost, normal purchase price | Total Checkouts | Full call number | Date last seen | Copy number | Koha item type |
|---|---|---|---|---|---|---|---|---|---|---|---|---|---|---|---|
| Dewey Decimal Classification | Added to bundle | Non-fiction | Central Library, University of Rajshahi | Central Library, University of Rajshahi | Reading Room | 08/08/1955 | Oxford university Press | 17.00 | 901.9 CAE 1951 | 03/03/2014 | C-1 | Books |